000 01191nam a2200253Ia 4500
999 _c49341
_d49341
001 16258
003 GE_BSU
005 20200212120637.0
008 181216s2011ge xx |||||||||||||| ||geo||
020 _a9789994017959
040 _cGE_BSU
041 _ageo
080 _a16(075.8) ხ-39
100 _aხელაძე, შადიმან.
_96553
245 _aლოგიკა ყველასათვის :
_bსახელმძღვ.ანალიტიკური აზროვნების განსავითარებლად /
_cშადიმან ხელაძე ; რედ : მერაბ გვარაძე ; თეიმურაზ ლაცაბიძე.
264 _aთბილისი :
_bჯისიაი,
_c2011.
300 _a220 გვ;
_c24 სმ.
504 _aბიბლოგრ.გვ 220
653 _aლოგიკა ყველასათვის
653 _aლოგიკა
700 _aგვარაძე, მერაბ
_eრედაქტორი
_96986
700 _aლაცაბიძე, თეიმურაზ
_eრედაქტორი
_96987
942 _cBK
_2udc